UBT Library

Clinical nursing skills techniques: (Record no. 1684)

000 -LEADER
fixed length control field 00304nam a22001217a 4500
008 - FIXED-LENGTH DATA ELEMENTS--GENERAL INFORMATION
fixed length control field 160429b xxu||||| |||| 00| 0 eng d
020 ## - INTERNATIONAL STANDARD BOOK NUMBER
International Standard Book Number 9780323014939
020 ## - INTERNATIONAL STANDARD BOOK NUMBER
International Standard Book Number 0323014933
041 ## - LANGUAGE CODE
Language code of text/sound track or separate title eng
080 ## - UNIVERSAL DECIMAL CLASSIFICATION NUMBER
Universal Decimal Classification number 618.2
245 ## - TITLE STATEMENT
Title Clinical nursing skills techniques:
Statement of responsibility, etc Patricia A. Castaldi;
942 ## - ADDED ENTRY ELEMENTS (KOHA)
Source of classification or shelving scheme
Item type Books
Holdings
Withdrawn status Lost status Source of classification or shelving scheme Damaged status Not for loan Collection code Permanent location Current location Shelving location Date acquired Total Checkouts Full call number Barcode Date last seen Price effective from Koha item type
          Koleksioni i përgjithshem UBT - Lipjan UBT - Lipjan Koleksioni i përgjithshem 04/29/2016   618.2 CAS 002-028094 01/04/2017 04/29/2016 Books
          Koleksioni i përgjithshem UBT - Lipjan UBT - Lipjan Koleksioni i përgjithshem 01/13/2017   618.2 CAS 002-029929 01/13/2017 01/13/2017 Books
UBT Library © 2015-2024. All rights reserved University Education for Business and Technology